000 00445nam a22001817a 4500
003 OSt
005 20241029144533.0
008 241029b |||||||| |||| 00| 0 eng d
040 _cMRSPTU
082 _a634.9
_bAR-F
100 _aRai, Antony Joseph
245 _aForestry : Principles and Applications
260 _aJodhpur
_bScientific Pub.
_c2020
300 _a727
650 _aAgriculture
700 _aLal,S.B
942 _2ddc
_cBK
_n0
999 _c10407
_d10407